Децата, които Хитлер отвлече (Запис номер 512871)
[ съкратено ]
| 000 -Лидер | |
|---|---|
| Лидер | 01052nam a2200265 a 4500 |
| 003 - Код на организацията, давaща контролен номер | |
| Код на организацията, даваща контролен номер | BLK |
| 005 - Дата и час на последна редакция | |
| Дата и час на последна редакция | 20250708162927.0 |
| 008 - Елементи от данни с фиксирана дължина | |
| Елементи с фиксирана дължина | 240704b bul|||||r ||||||| ||bul|| |
| 020 ## - Международен стандартен номер на книга ISBN | |
| ISBN | 9786192650599 |
| 040 ## - Източник на каталожния запис | |
| Код на библиотеката | BLK |
| 041 ## - Код за език | |
| Език | Български |
| Език за КДБФ | Български |
| 080 ## - УДК | |
| УДК текст | Немска литература |
| УДК код | 821.112.2 |
| УДК – определител | -94 |
| УДК – код + определител | 821.112.2-94 |
| 9 (RLIN) | 235107 |
| 084 ## - Класификационен индекс по друга класификация | |
| Авторски знак | Оз - О 45 |
| 100 ## - Редна дума - Автор | |
| R(LIN) | 493595 |
| Автор | Ойлхафен, Ингрид фон |
| 245 ## - Сведения за заглавието | |
| Заглавие | Децата, които Хитлер отвлече |
| Авторска отговорност | Ингрид фон Ойлхафен, Тим Тейт ; прев. от англ. Гриша Атанасов |
| 260 ## - Област на издателските данни | |
| Място на издаване | София |
| Име на издателя | Кръг |
| Година на издаване | 2024 |
| 9 (RLIN) | 209932 |
| Печатница | София : RoPrint |
| 300 ## - Физическа характеристика | |
| Брой страници | 240 с. |
| Размер | 20 см |
| 380 ## - Жанр | |
| Жанр | Худож. лит. |
| 500 ## - Общи забележки | |
| Обща забележка | Ориг. загл. Hitleer's Forgotten Children / Ingrid von Oelhafen, Tim Tate |
| 700 ## - Други автори (авторска отговорност) | |
| Друг автор | Атанасов, Гриша Александров |
| Дати, свързани с автора | 1957- |
| 9 (RLIN) | 382230 |
| 852 ## - Местоположение | |
| Отдел | Заемна - подръчен фонд |
| Систематично-азбучна сигнатура | 821-9/О- 45 И |
| 942 ## - АРТИКУЛИ | |
| Вид на библиотечния документ | Книги |
| Скрит в OPAC | Не |
| Koha issues (borrowed), all copies | 33 |
| Периодичен библиозапис | Да |
| 944 ## - СЪЗДАВАНЕ И РЕДАКЦИЯ на ЗАПИСА | |
| Дата на регистрацията/редакция | 2024-07-04 |
| Служител, извършил регистрацията/редакцията | 30531 |
| Създаване/Редакция | Създаване |
| Номер на служител | Цветелина Шанова |
| 944 ## - СЪЗДАВАНЕ И РЕДАКЦИЯ на ЗАПИСА | |
| Дата на регистрацията/редакция | 2025-01-16 |
| Служител, извършил регистрацията/редакцията | М.Я. |
| Създаване/Редакция | Редакция |
| 999 ## - СИСТЕМНИ КОНТРОЛНИ НОМЕРА | |
| Koha biblionumber | 512871 |
| Koha biblioitemnumber | 512871 |
| Код за отписване | Код за изгубен артикул | Източник на класификационната схема | Код за повреда | Код за отдаване | Артикулен № | Име на библиотеката - собственик | Име на библиотеката, в която се намира в момента | Статус (Текущо местоположение) | Дата на вписване в системата | Местоположение - отдел | Цена в лева | Инвентарен номер | Систематично азбучна сигнатура | Баркод | Цена в евро | Служебен тип на артикула | Коз за рестрикции |
|---|---|---|---|---|---|---|---|---|---|---|---|---|---|---|---|---|---|
| Не е изгубен | Universal Decimal Classification | Не е повреден | заемане за дома | 945636 | Регионална библиотека "Любен Каравелов" Русе | Регионална библиотека "Любен Каравелов" Русе | Заемна - подръчен фонд | 2024-07-08 | Заемна - подръчен фонд | 13.49 | 120000910760 | 821-9/О- 45 И | 120000910760 | 6.90 | Книги | ||
| Не е изгубен | Universal Decimal Classification | Не е повреден | заемане за дома | 945637 | Регионална библиотека "Любен Каравелов" Русе | Регионална библиотека "Любен Каравелов" Русе | Заемна - подръчен фонд | 2024-07-08 | Заемна - подръчен фонд | 13.49 | 120000910761 | 821-9/О- 45 И | 120000910761 | 6.90 | Книги | ||
| Не е изгубен | Universal Decimal Classification | Не е повреден | ползва се в читалня | 953621 | Регионална библиотека "Любен Каравелов" Русе | Регионална библиотека "Любен Каравелов" Русе | Хранилище | 2024-11-01 | Хранилище | 18.00 | 120000914409 | Цб 325082 | 120000914409 | 9.20 | Книги | само за читалня | |
| Не е изгубен | Universal Decimal Classification | Не е повреден | заемане за дома | 958599 | Регионална библиотека "Любен Каравелов" Русе | Регионална библиотека "Любен Каравелов" Русе | Заемна - подръчен фонд | 2025-01-17 | Заемна - подръчен фонд | 12.60 | 120000917117 | 821-9/О-45 И | 120000917117 | 6.44 | Книги |